Statistiche per Quiz Mappa dell'Europa dell'Est

Clicka qui per fare il quiz!

Statistiche generali

  • Questo quiz è stato fatto 128 volte
  • Il punteggio medio è 18 su 21

Risposte nella Mappa

Le risposte nella mappa del quiz sottostante sono codificate secondo una scala di colori dal rosso al verde in base alla % di persone che hanno risposto correttamente.
 

Statistiche sulle risposte

Risposta% Corretto
Russia
96%
Polonia
94%
Bielorussia
91%
Croazia
91%
Lituania
91%
Estonia
90%
Moldavia
90%
Albania
88%
Lettonia
88%
Ucraina
88%
Cechia
87%
Romania
87%
Bosnia
ed Erzegovina
84%
Macedonia
83%
Slovenia
83%
Kosovo
82%
Montenegro
80%
Bulgaria
76%
Ungheria
76%
Slovacchia
75%
Serbia
73%

Distribuzione punteggi

Percentile per numero di risposta

Percentuale di utenti per punteggio

I tuoi punteggi nel tempo

Non hai fatto questo quiz